Biến đổi văn hoá nhìn từ hai khu đô thị mới ở Hà Nội /
Shranjeno v:
| Glavni avtor: | |
|---|---|
| Format: | Bài viết |
| Jezik: | Vietnamese |
| Teme: | |
| Oznake: |
Označite
Brez oznak, prvi označite!
|
| Thư viện lưu trữ: | Thư viện Trường Đại học Đà Lạt |
|---|
| LEADER | 00805nam a2200265 4500 | ||
|---|---|---|---|
| 001 | DLU180184082 | ||
| 005 | ##20180322 | ||
| 040 | # | # | |a DLU |b vie |
| 041 | # | # | |a vie |
| 044 | # | # | |a vn |
| 100 | # | # | |a Đinh Đức Thiện. |
| 245 | # | # | |a Biến đổi văn hoá nhìn từ hai khu đô thị mới ở Hà Nội / |c Đinh Đức Thiện. |
| 653 | # | # | |a Đời sống văn hoá |
| 653 | # | # | |a Văn hoá đô thị |
| 653 | # | # | |k hu đô thị mới |
| 773 | # | # | |t Tạp chí Văn hoá nghệ thuật |g Số 390, 2016, tr. 31-35 |
| 920 | # | # | |a Phòng Tạp chí -- Trung tâm Thông tin - Thư viện Trường Đại học Đà Lạt |
| 994 | # | # | |a DLU |
| 900 | # | # | |a True |
| 911 | # | # | |a Trần Thị Minh Hương |
| 925 | # | # | |a G |
| 926 | # | # | |a A |
| 927 | # | # | |a BB |
| 980 | # | # | |a Thư viện Trường Đại học Đà Lạt |